00485nam a2200181Ia 4500003000400000005001700004008004100021040000700062041001200069082001600081100005700097245005100154260004600205300001400251365001100265563000700276650002000283OSt20240531165503.0210707s1983 xx 000 0 und d cAL aKannada aK894.3 VASA aVASUDEVAYYA (Cha)dವಾಸುದೇವಯ್ಯ aAryakirti.bಆರ್ಯಕೀರ್ತಿ  aBengalurubVishva Kannada Sammelanac1983 a159.xii p b2cINR aPB aKannada Fiction